000 00432nab a22001457 4500
003 ES-SlBCS
005 20210327224306.0
008 201006s2020 sp ||||| |||| 00| 0 spa d
040 _aES-SlBCS
_bspa
041 _aspa
100 1 _aIwuchukwu, Marinus C
_9119457
245 _aColaboración para la paz en Nigeria
_cMarinus C. Iwuchukwu
773 0 _gNúm. 387, 2020, págs. 107-116
_tConcilium
_wRev134
_x0210-1041
942 _2lcc
_cAR
999 _c487439
_d487439